| 000 | 01072cam a2200337 i 4500 | ||
|---|---|---|---|
| 001 | 200459546 | ||
| 999 |
_c200459546 _d77758 |
||
| 003 | TR-AnTOB | ||
| 005 | 20240830073706.0 | ||
| 007 | ta | ||
| 008 | 240206s2023 tu 001 0 tur d | ||
| 020 | _a9789750286957 | ||
| 040 |
_aOKANÜNV _beng _erda _cOKANÜNV _dTR-AnTOB |
||
| 041 | 0 | _atur | |
| 050 | 4 |
_aKKX4610 _b.Ş34 2023 |
|
| 090 |
_aKKX4610 _b.Ş34 2023 |
||
| 100 | 1 |
_aŞahin, Cumhur _eauthor _9122237 |
|
| 245 | 1 | 0 |
_aCeza muhakemesi hukuku / _cProf. Dr. Cumhur Şahin ; Doç. Dr. Neslihan Göktürk. |
| 250 | _aGözden geçirilmiş ve güncellenmiş 14. bası | ||
| 264 | 1 |
_aAnkara : _bSeçkin Yayıncılık, _c2023. |
|
| 300 |
_a695 pages ; _c23 cm |
||
| 336 |
_atext _btxt _2rdacontent |
||
| 337 |
_aunmediated _bn _2rdamedia |
||
| 338 |
_avolume _bnc _2rdacarrier |
||
| 490 | 0 |
_aSeçkin | Hukuk ; _v845 |
|
| 504 | _aBIBINDX | ||
| 650 | 7 |
_aCeza hukuku _zTürkiye _2etuturkob _948989 |
|
| 650 | 0 |
_aCeza yargılaması _zTürkiye _9115759 |
|
| 700 | 1 |
_aGöktürk, Neslihan _eauthor _9121940 |
|
| 942 |
_2lcc _cBK |
||